[Event "Titled Tuesday intern op 13th Aug Early"]
[Site "Chess.com INT"]
[Date "2024.08.13"]
[Round "8"]
[White "Poddubnyi, Viktor"]
[Black "Rodriguez Basulto, Reyson Ricardo"]
[Result "0-1"]
[WhiteElo "2304"]
[BlackElo "2243"]
[PlyCount "50"]
[EventDate "2024.08.13"]
[EventType "swiss (blitz)"]
[EventRounds "11"]
[EventCountry "USA"]
[SourceTitle "EXT 2025"]
[Source "ChessBase"]
[SourceDate "2024.10.14"]
[SourceVersion "1"]
[SourceVersionDate "2024.10.14"]
[SourceQuality "1"]

1. e4 c5 2. Nf3 d6 3. d4 cxd4 4. Nxd4 Nf6 5. Nc3 a6 6. Bg5 Nbd7 7. Qf3 Qb6 8. 0-0-0 e6 9. g4 Be7 10. Be2 Nc5 11. Be3 Qc7 12. g5 Nfd7 13. h4 b5 14. a3 Rb8 15. b4 Na4 16. Nxa4 bxa4 17. h5 Ne5 18. Qg3 Qc3 19. Bf4 Qa1+ 20. Kd2 Qxd4+ 21. Kc1 Qxe4 22. Be3 Bb7 23. Rh4 Qg2 24. Qf4 Rc8 25. Rdh1 Qc6 0-1

[Event "Titled Tuesday intern op 13th Aug Early"]
[Site "Chess.com INT"]
[Date "2024.08.13"]
[Round "4"]
[White "Rodriguez Basulto, Reyson Ricardo"]
[Black "Askarov, Bakhtiyar"]
[Result "1-0"]
[WhiteElo "2243"]
[BlackElo "2280"]
[PlyCount "45"]
[EventDate "2024.08.13"]
[EventType "swiss (blitz)"]
[EventRounds "11"]
[EventCountry "USA"]
[SourceTitle "EXT 2025"]
[Source "ChessBase"]
[SourceDate "2024.10.14"]
[SourceVersion "1"]
[SourceVersionDate "2024.10.14"]
[SourceQuality "1"]

1. e4 c5 2. Nf3 d6 3. d4 cxd4 4. Nxd4 Nf6 5. Nc3 e6 6. g4 Nc6 7. g5 Nd7 8. Be3 Be7 9. h4 a6 10. Qd2 Nde5 11. 0-0-0 0-0 12. f4 Nxd4 13. Qxd4 Nc6 14. Qd2 b5 15. h5 b4 16. Na4 Qa5 17. b3 Rb8 18. Kb1 Rd8 19. h6 d5 20. hxg7 dxe4 21. Qe1 Rxd1+ 22. Qxd1 Bb7 23. Bh3 1-0

[Event "Titled Tuesday intern op 13th Aug Early"]
[Site "Chess.com INT"]
[Date "2024.08.13"]
[Round "7"]
[White "Rodriguez Basulto, Reyson Ricardo"]
[Black "Kleibel, Uwe"]
[Result "1-0"]
[WhiteElo "2243"]
[BlackElo "2301"]
[PlyCount "143"]
[EventDate "2024.08.13"]
[EventType "swiss (blitz)"]
[EventRounds "11"]
[EventCountry "USA"]
[SourceTitle "EXT 2025"]
[Source "ChessBase"]
[SourceDate "2024.10.14"]
[SourceVersion "1"]
[SourceVersionDate "2024.10.14"]
[SourceQuality "1"]

1. e4 c6 2. d4 d5 3. e5 c5 4. dxc5 e6 5. Nf3 Bxc5 6. a3 f6 7. b4 Be7 8. Bb2 Nd7 9. Bd3 Nh6 10. 0-0 Nf7 11. exf6 Bxf6 12. Bxf6 Qxf6 13. Nbd2 e5 14. c4 e4 15. Bxe4 dxe4 16. Nxe4 Qe7 17. Re1 0-0 18. Qc2 Nf6 19. Nxf6+ Qxf6 20. Rad1 Bf5 21. Qb3 a5 22. c5 axb4 23. axb4 Bg4 24. Rd6 Qf5 25. Nd4 Qh5 26. f3 Bc8 27. Rd5 Qh4 28. g3 Qf6 29. Rd6 Qg5 30. f4 Qh5 31. Rd5 Qg4 32. Rg5 Qd7 33. Nf3 Kh8 34. Rd5 Qc6 35. Nd4 Qf6 36. b5 Bh3 37. c6 bxc6 38. bxc6 Nd6 39. c7 Rac8 40. Qb4 Nf5 41. Nxf5 Bxf5 42. Qc5 Be6 43. Rd6 Qf7 44. Rdxe6 Rxc7 45. Qe5 Rcc8 46. Re7 Qf6 47. Qxf6 Rxf6 48. Re8+ Rf8 49. Rxc8 Rxc8 50. Kg2 h6 51. Kh3 Kh7 52. Re7 Rc2 53. Ra7 Kg6 54. g4 Rc3+ 55. Kg2 Rc2+ 56. Kf3 Rc3+ 57. Ke4 Rh3 58. f5+ Kf6 59. Ra2 Kg5 60. Ke5 Kxg4 61. Rg2+ Kh5 62. Rxg7 Rxh2 63. f6 Re2+ 64. Kd6 Rd2+ 65. Ke7 Re2+ 66. Kf8 Rf2 67. f7 Kh4 68. Kg8 h5 69. Rg6 Kh3 70. Kg7 h4 71. Rf6 Rg2+ 72. Kh7 1-0

[Event "Titled Tuesday intern op 07th May Late"]
[Site "Chess.com INT"]
[Date "2024.05.07"]
[Round "10"]
[White "Korchynskyi, Mykola"]
[Black "Rodriguez Basulto, Reyson Ricardo"]
[Result "1-0"]
[WhiteElo "2313"]
[BlackElo "2252"]
[PlyCount "105"]
[EventDate "2024.05.07"]
[EventType "swiss (blitz)"]
[EventRounds "11"]
[EventCountry "USA"]
[SourceTitle "EXT 2025"]
[Source "ChessBase"]
[SourceDate "2024.10.14"]
[SourceVersion "1"]
[SourceVersionDate "2024.10.14"]
[SourceQuality "1"]

1. d4 Nf6 2. c4 c5 3. e3 cxd4 4. exd4 g6 5. Nc3 Bg7 6. Nf3 0-0 7. Be3 d5 8. Be2 Nc6 9. 0-0 Bg4 10. h3 Bxf3 11. Bxf3 dxc4 12. Bxc6 bxc6 13. Qa4 Rb8 14. Rab1 Nd5 15. Qxc4 Nxe3 16. fxe3 Bh6 17. Rf3 Qd6 18. Rbf1 Qe6 19. Qxe6 fxe6 20. Rxf8+ Bxf8 21. b3 Bh6 22. Rf3 a5 23. Kf2 Bg7 24. Na4 e5 25. dxe5 Bxe5 26. Ke2 h5 27. Rf1 Rd8 28. Rc1 Rd6 29. Rc5 Re6 30. Kd3 Bc7 31. Rc2 Rd6+ 32. Ke2 Rf6 33. Nc5 Kf7 34. Na6 Bb6 35. Nb8 Re6 36. Rc3 Bd4 37. Rd3 Ba7 38. Nd7 Rd6 39. Ne5+ Kf6 40. Rxd6+ exd6 41. Nxc6 Bc5 42. Nxa5 Kg5 43. Nc4 Kh4 44. Kf3 g5 45. a4 g4+ 46. hxg4 hxg4+ 47. Kf4 d5 48. Ne5 Bd6 49. a5 Bxe5+ 50. Kxe5 Kg3 51. a6 Kxg2 52. a7 Kf3 53. a8Q 1-0

[Event "Titled Tuesday intern op 07th May Late"]
[Site "Chess.com INT"]
[Date "2024.05.07"]
[Round "6"]
[White "Rodriguez Basulto, Reyson Ricardo"]
[Black "Guerra Tulcan, Lenin"]
[Result "1-0"]
[WhiteElo "2252"]
[BlackElo "2310"]
[PlyCount "115"]
[EventDate "2024.05.07"]
[EventType "swiss (blitz)"]
[EventRounds "11"]
[EventCountry "USA"]
[SourceTitle "EXT 2025"]
[Source "ChessBase"]
[SourceDate "2024.10.14"]
[SourceVersion "1"]
[SourceVersionDate "2024.10.14"]
[SourceQuality "1"]

1. e4 c5 2. Nf3 e6 3. d4 cxd4 4. Nxd4 Nc6 5. Nc3 Qc7 6. Be3 a6 7. Qf3 Nxd4 8. Bxd4 Ne7 9. Qg3 Qxg3 10. hxg3 b5 11. Bxb5 axb5 12. Nxb5 Rb8 13. Nd6+ Kd8 14. Nxf7+ Ke8 15. Nxh8 h6 16. a4 Rb4 17. Bc5 Rxb2 18. Kd2 Rb7 19. a5 Rc7 20. Bb6 Rc6 21. a6 Bxa6 22. Rxa6 Nc8 23. Rb1 Bc5 24. Bxc5 Rxa6 25. Rb8 Rc6 26. Bb4 Kd8 27. Nf7+ Kc7 28. Rb5 d6 29. Ba5+ Kd7 30. e5 d5 31. Rb7+ Ke8 32. Nd6+ Nxd6 33. exd6 Rxd6 34. Rxg7 e5 35. Bb4 Rf6 36. f3 Re6 37. Ke3 e4 38. f4 Rc6 39. c3 Ra6 40. Re7+ Kd8 41. Re5 Rg6 42. Rxd5+ Kc7 43. Kf2 Kc6 44. Re5 h5 45. Rxe4 Kb5 46. f5 Rf6 47. Rf4 Kb6 48. Be7 Rf7 49. f6 Kc6 50. Rd4 Rh7 51. Rd8 Rf7 52. Rf8 Rh7 53. f7 Kd7 54. Rd8+ Kxe7 55. f8Q+ Ke6 56. Qd6+ Kf5 57. Rf8+ Kg4 58. Qf4# 1-0

[Event "Titled Tuesday intern op 07th May Late"]
[Site "Chess.com INT"]
[Date "2024.05.07"]
[Round "11"]
[White "Rodriguez Basulto, Reyson Ricardo"]
[Black "Papayan, Oleg"]
[Result "0-1"]
[WhiteElo "2252"]
[BlackElo "2184"]
[PlyCount "64"]
[EventDate "2024.05.07"]
[EventType "swiss (blitz)"]
[EventRounds "11"]
[EventCountry "USA"]
[SourceTitle "EXT 2025"]
[Source "ChessBase"]
[SourceDate "2024.10.14"]
[SourceVersion "1"]
[SourceVersionDate "2024.10.14"]
[SourceQuality "1"]

1. e4 d5 2. exd5 Qxd5 3. Nc3 Qd8 4. Bc4 c6 5. Nf3 Bf5 6. 0-0 e6 7. d4 Be7 8. Bf4 Nf6 9. a4 a5 10. Nh4 Bg4 11. f3 Bh5 12. g4 Bg6 13. Nxg6 hxg6 14. Ne2 Qb6 15. c3 Nd5 16. Bxd5 cxd5 17. Qd2 Nd7 18. Nc1 Bd6 19. Nd3 Rc8 20. Bxd6 Qxd6 21. Qf4 Qxf4 22. Nxf4 Ke7 23. Rfe1 Kd6 24. Kg2 Rc6 25. Nd3 g5 26. Ra3 Rb6 27. b4 axb4 28. cxb4 Rc6 29. Nc5 b6 30. b5 Rc7 31. Nxd7 Rc2+ 32. Kg3 Rcxh2 0-1

[Event "Mexican op 69th"]
[Site "Mexico City"]
[Date "2024.03.28"]
[Round "4"]
[White "Rodriguez Basulto, Reyson Ricardo"]
[Black "Ibarra Chami, Luis Fernando"]
[Result "0-1"]
[WhiteElo "2264"]
[BlackElo "2431"]
[PlyCount "68"]
[EventDate "2024.03.26"]
[EventType "swiss"]
[EventRounds "9"]
[EventCountry "MEX"]
[SourceTitle "CBM 219 Extra"]
[Source "ChessBase"]
[SourceDate "2024.05.31"]
[SourceVersion "1"]
[SourceVersionDate "2024.05.31"]
[SourceQuality "1"]

1. e4 e6 2. d4 d5 3. Nc3 Nc6 4. Nf3 Nf6 5. Bg5 Bb4 6. e5 h6 7. exf6 hxg5 8. fxg7 Rg8 9. Bb5 Bd7 10. Bxc6 Bxc6 11. Ne5 Qf6 12. Qe2 Bd6 13. Nb5 Bxe5 14. dxe5 Qe7 15. Nd4 Bd7 16. a3 Rxg7 17. b4 g4 18. c4 0-0-0 19. c5 Rg5 20. c6 Bxc6 21. Nxc6 bxc6 22. Rc1 d4 23. Qa6+ Kb8 24. Rc5 Rd5 25. 0-0 Rgxe5 26. Qxc6 Qd6 27. Qb5+ Qb6 28. Qe8+ Kb7 29. Qxf7 d3 30. Rfc1 Rxc5 31. bxc5 d2 32. Rf1 Re1 33. Qd7 Rxf1+ 34. Kxf1 Qb1+ 0-1

[Event "Cancun Camara Cup 11th"]
[Site "Cancun"]
[Date "2023.10.14"]
[Round "6"]
[White "Gonzalez, Tun Aaron"]
[Black "Rodriguez Basulto, Reyson Ricardo"]
[Result "0-1"]
[WhiteElo "1945"]
[BlackElo "2291"]
[PlyCount "64"]
[EventDate "2023.10.11"]
[EventType "swiss"]
[EventRounds "9"]
[EventCountry "MEX"]
[SourceTitle "CBM 216 Extra"]
[Source "ChessBase"]
[SourceDate "2023.11.30"]
[SourceVersion "1"]
[SourceVersionDate "2023.11.30"]
[SourceQuality "1"]

1. e4 c5 2. Nf3 d6 3. d4 cxd4 4. Nxd4 Nf6 5. Nc3 a6 6. Be2 e5 7. Nb3 Be7 8. Be3 Be6 9. Nd5 Nbd7 10. Qd3 Rc8 11. c4 Bxd5 12. exd5 0-0 13. 0-0 b6 14. f4 Re8 15. Rac1 Bf8 16. fxe5 Nxe5 17. Qd1 Nxc4 18. Bxc4 Rxe3 19. Bxa6 Ra8 20. Bb5 Rxa2 21. Rb1 Qe7 22. Nd4 Qe5 23. Nf5 Re4 24. Qf3 Rxb2 25. Rxb2 Qxb2 26. Bd3 Ra4 27. Qg3 Kh8 28. h3 Ra1 29. Nxd6 Rxf1+ 30. Bxf1 Qd4+ 31. Kh1 Qxd5 32. Nf5 Qxf5 0-1

[Event "Las Tunas Guerrero Memorial-C"]
[Site "Las Tunas"]
[Date "2020.02.19"]
[Round "6.2"]
[White "Fernandez Aguilera, Ibrain"]
[Black "Rodriguez Basulto, Reyson Ricardo"]
[Result "0-1"]
[WhiteElo "2114"]
[BlackElo "2101"]
[PlyCount "52"]
[EventDate "2020.02.16"]
[EventType "tourn"]
[EventRounds "10"]
[EventCountry "CUB"]
[SourceTitle "EXT 2023"]
[Source "ChessBase"]
[SourceDate "2022.10.05"]
[SourceVersion "1"]
[SourceVersionDate "2022.10.05"]
[SourceQuality "1"]

1. d4 d5 2. Bf4 Nf6 3. Nf3 c5 4. e3 Nc6 5. Be2 Qb6 6. Nc3 c4 7. 0-0 Bf5 8. Rb1 e6 9. b3 Qa5 10. Na4 Ne4 11. Nh4 b5 12. f3 Nd2 13. e4 Nxb1 14. exf5 bxa4 15. Qxb1 Be7 16. bxc4 Nxd4 17. Bd3 dxc4 18. Be3 Qe5 19. Be4 Bxh4 20. Rd1 Rd8 21. Qb4 Ne2+ 22. Kf1 Rxd1+ 23. Kxe2 Re1+ 24. Kd2 c3+ 25. Kd3 Rxe3+ 26. Kxe3 exf5 0-1

[Event "Las Tunas Guerrero Memorial-C"]
[Site "Las Tunas"]
[Date "2020.02.17"]
[Round "2.3"]
[White "Gomez Segura, Adalberto"]
[Black "Rodriguez Basulto, Reyson Ricardo"]
[Result "1/2-1/2"]
[WhiteElo "2177"]
[BlackElo "2101"]
[PlyCount "27"]
[EventDate "2020.02.16"]
[EventType "tourn"]
[EventRounds "10"]
[EventCountry "CUB"]
[SourceTitle "EXT 2023"]
[Source "ChessBase"]
[SourceDate "2022.10.05"]
[SourceVersion "1"]
[SourceVersionDate "2022.10.05"]
[SourceQuality "1"]

1. c4 e5 2. Nc3 Nf6 3. g3 d5 4. cxd5 Nxd5 5. Bg2 Nb6 6. Nf3 Nc6 7. 0-0 Be7 8. d3 0-0 9. Be3 Be6 10. Nd2 Nd5 11. Nxd5 Bxd5 12. Bxd5 Qxd5 13. Qb3 Qxb3 14. Nxb3 1/2-1/2

[Event "Adelquis Remon Memorial-E"]
[Site "Holguin"]
[Date "2018.12.04"]
[Round "8.3"]
[White "Rodriguez Basulto, Reyson Ricardo"]
[Black "Venzant Batista, Marcia Camila"]
[Result "1-0"]
[WhiteElo "2034"]
[BlackElo "2010"]
[PlyCount "83"]
[EventDate "2018.11.30"]
[EventType "tourn"]
[EventRounds "10"]
[EventCountry "CUB"]
[SourceTitle "EXT 2023"]
[Source "ChessBase"]
[SourceDate "2022.10.05"]
[SourceVersion "1"]
[SourceVersionDate "2022.10.05"]
[SourceQuality "1"]

1. e4 e6 2. d4 d5 3. e5 c5 4. c3 Nc6 5. Nf3 Qb6 6. a3 Nh6 7. b4 cxd4 8. Bxh6 gxh6 9. cxd4 Bg7 10. Nc3 Bd7 11. Rc1 Qd8 12. Nb5 0-0 13. Nd6 b6 14. Bd3 Ne7 15. Qc2 Ng6 16. h4 f5 17. h5 Nf4 18. Bf1 Be8 19. g3 Nxh5 20. Bb5 Bg6 21. Qd2 Bh8 22. Qxh6 Bg7 23. Qg5 Qxg5 24. Nxg5 Bh6 25. f4 Bxg5 26. fxg5 Nxg3 27. Rg1 Ne4 28. Bd7 Nxd6 29. exd6 Bf7 30. Kf2 Rfd8 31. Rc7 a5 32. b5 Rab8 33. Kf3 Be8 34. Bxe6+ Kf8 35. Rxh7 Rxd6 36. g6 Rb7 37. Rxb7 Rxe6 38. g7+ Kg8 39. Rh1 Bf7 40. Rg1 Be8 41. Kf4 Bxb5 42. Rh1 1-0

[Event "Santiago de Cuba Province-ch final"]
[Site "Santiago de Cuba"]
[Date "2018.09.28"]
[Round "5"]
[White "Cespedes Bejerano, Jose Angel"]
[Black "Rodriguez Basulto, Reyson Ricardo"]
[Result "0-1"]
[WhiteElo "2080"]
[BlackElo "1897"]
[PlyCount "86"]
[EventDate "2018.09.26"]
[EventType "swiss"]
[EventRounds "9"]
[EventCountry "CUB"]
[SourceTitle "EXT 2021"]
[Source "ChessBase"]
[SourceDate "2020.10.23"]
[SourceVersion "1"]
[SourceVersionDate "2020.10.23"]
[SourceQuality "1"]

1. d4 d5 2. Nf3 Nf6 3. e3 e6 4. Bd3 c5 5. b3 Nc6 6. Bb2 a6 7. 0-0 b5 8. a4 b4 9. Nbd2 cxd4 10. exd4 Qb6 11. Re1 Bd6 12. Nf1 a5 13. Ng3 0-0 14. Ne5 Ba6 15. Bxa6 Qxa6 16. f4 Ne7 17. Re3 Nf5 18. Nxf5 exf5 19. h3 Ne4 20. Qh5 f6 21. Nd3 g6 22. Qf3 Rac8 23. Rc1 Rc6 24. g4 Rf7 25. gxf5 gxf5 26. Kh2 Rg7 27. Re2 Qc8 28. Rg1 Rxg1 29. Kxg1 Kh8 30. Ne1 Qc7 31. Bc1 Rc3 32. Be3 Qg7+ 33. Kh2 Qh6 34. Nd3 Qh4 35. Rg2 Ng5 36. Qg3 Qh5 37. Ne5 Bxe5 38. fxe5 f4 39. Qxf4 Qxh3+ 40. Kg1 Qxe3+ 41. Qxe3 Rxe3 42. exf6 h6 43. Kf2 Rf3+ 0-1

[Event "Holguin Province-ch sf"]
[Site "Holguin"]
[Date "2018.09.09"]
[Round "5"]
[White "Rodriguez Basulto, Reyson Ricardo"]
[Black "Ochoa Feria, Alfredo Rodolfo"]
[Result "1-0"]
[WhiteElo "1897"]
[BlackElo "2050"]
[PlyCount "83"]
[EventDate "2018.09.07"]
[EventType "swiss"]
[EventRounds "7"]
[EventCountry "CUB"]
[SourceTitle "EXT 2021"]
[Source "ChessBase"]
[SourceDate "2020.10.23"]
[SourceVersion "1"]
[SourceVersionDate "2020.10.23"]
[SourceQuality "1"]

1. e4 d5 2. exd5 Qxd5 3. Nc3 Qa5 4. d4 c6 5. Nf3 Bg4 6. Bc4 e6 7. 0-0 Nf6 8. h3 Bh5 9. Re1 Be7 10. Bf4 0-0 11. Qe2 Nd5 12. Nxd5 cxd5 13. Bd3 Nd7 14. g4 Bg6 15. Bxg6 hxg6 16. Kg2 Rac8 17. Rh1 Qb6 18. c3 a6 19. h4 f6 20. Rae1 Kf7 21. h5 g5 22. Qd3 Ke8 23. Bc1 Rf7 24. Qh7 Bf8 25. Re2 Re7 26. b3 e5 27. Ba3 Re6 28. Qg6+ Kd8 29. Bxf8 Nxf8 30. Qxg7 Nd7 31. dxe5 Rxc3 32. h6 Qb4 33. h7 Qxg4+ 34. Kf1 Qxf3 35. h8Q+ Kc7 36. Qh3 Rc1+ 37. Re1 Rxe1+ 38. Kxe1 Rxe5+ 39. Kf1 Qe2+ 40. Kg2 Re7 41. Qg3+ Kb6 42. Qd6+ 1-0

[Event "Holguin Province-ch sf"]
[Site "Holguin"]
[Date "2018.09.08"]
[Round "3"]
[White "Rodriguez Basulto, Reyson Ricardo"]
[Black "Escobar Roldan, Jose Luis"]
[Result "0-1"]
[WhiteElo "1897"]
[BlackElo "2144"]
[PlyCount "82"]
[EventDate "2018.09.07"]
[EventType "swiss"]
[EventRounds "7"]
[EventCountry "CUB"]
[SourceTitle "EXT 2021"]
[Source "ChessBase"]
[SourceDate "2020.10.23"]
[SourceVersion "1"]
[SourceVersionDate "2020.10.23"]
[SourceQuality "1"]

1. e4 c6 2. d4 d5 3. e5 Bf5 4. h4 c5 5. dxc5 Nc6 6. Bf4 Qa5+ 7. c3 Qxc5 8. g4 Be4 9. b4 Qb6 10. f3 Bxb1 11. Rxb1 e6 12. Bd3 g6 13. Qe2 Rc8 14. Nh3 Bg7 15. Be3 Qc7 16. f4 Nge7 17. h5 d4 18. cxd4 Nd5 19. Rc1 Ndxb4 20. Nf2 Qa5 21. Bd2 0-0 22. Qe4 Rfd8 23. hxg6 hxg6 24. 0-0 Qd5 25. Bxb4 Nxb4 26. Qxd5 Nxd5 27. Rxc8 Rxc8 28. Ne4 Ne3 29. Rb1 b6 30. g5 Nf5 31. Nf6+ Bxf6 32. gxf6 Nxd4 33. Rd1 Rd8 34. Kf2 Nb5 35. Ke3 Nc3 36. Rd2 Nd5+ 37. Kf3 Nb4 38. Ke3 Nxd3 39. Rxd3 Rxd3+ 40. Kxd3 Kh7 41. Kc4 a6 0-1